| 000 | 00763nam a2200229Ii 4500 | ||
|---|---|---|---|
| 003 | JO-AjNU | ||
| 008 | 230605s9999||||xx |||||||||||||| ||und|| | ||
| 017 | _a2004/11/2700 | ||
| 020 | _a9957-401-55-6 | ||
| 040 |
_aJO-AjNU _bara _erda _cJO-AjNU |
||
| 041 | _aara | ||
| 050 | 1 | 4 | _aJX1246.U44.2005 |
| 100 | 3 |
_a العليمات ، نايف حامد , _eauthor _936519 |
|
| 245 | 0 | 0 | _aقرارات منظمة الأمم المتحدة في الميزان |
| 250 | _aط1 | ||
| 264 | 3 | 1 | _aعمان : دار الفلاح ، 2005 |
| 300 | _a187ص | ||
| 336 |
_atext _btxt _2rdacontent |
||
| 337 |
_aunmediated _bn _2rdamedia |
||
| 338 |
_avolume _bnc _2rdacarrier |
||
| 650 | 4 |
_aالأمم المتحدة -- المنظمات الدولية -- قرارات _936520 |
|
| 999 |
_aA15180 _c18748 _d18748 |
||